| 000 | 00660nam a2200217 a 4500 | ||
|---|---|---|---|
| 005 | 20210223125111.0 | ||
| 008 | 030908s1991 mx r 000 0 spa d | ||
| 020 | _a8476157266 | ||
| 035 | _aUPN01000128660 | ||
| 049 | _aCG | ||
| 050 | 4 |
_aQC941 _bE7.78 |
|
| 100 | 1 |
_aErickson, Jon, _d1948- |
|
| 245 | 1 | 4 |
_aLas tormentas : _bde las antiguas creencias a la moderna metereologia / _cJon Erickson ; tr. María José Sanz Díaz. |
| 260 |
_aMéxico : _bMcGraw Hill, _c1991. |
||
| 300 |
_a305 p. : _bil. |
||
| 440 | 0 | _aMcGraw-Hill de divulgación científica | |
| 650 | 4 |
_aTORMENTAS _910952 |
|
| 650 | 4 |
_aCICLONES _99641 |
|
| 650 | 4 | _aHURACANES | |
| 905 | _aLibro | ||
| 999 |
_c100837 _d100837 |
||